Atlas universal: regiones de Chile y mapas históricos
Wedi'i Gadw mewn:
| Fformat: | Llyfr |
|---|---|
| Iaith: | Sbaeneg |
| Cyhoeddwyd: |
Santiago
Antártica
1980
|
| Pynciau: | |
| Tagiau: |
Ychwanegu Tag
Dim Tagiau, Byddwch y cyntaf i dagio'r cofnod hwn!
|
MARC
| LEADER | 00000nam a2200000 a 4500 | ||
|---|---|---|---|
| 001 | UCW5239 | ||
| 003 | CL-VaPUC | ||
| 008 | 910125e19800000CL |||||||||||||||||spa|d | ||
| 082 | 0 | 4 | |a 912 |b ATL |2 21 |
| 245 | 1 | 0 | |a Atlas universal: regiones de Chile y mapas históricos |
| 300 | |a 64 p | ||
| 942 | |c BK | ||
| 945 | |d 19910125 00:00:00 | ||
| 260 | |a Santiago |b Antártica |c 1980 | ||
| 650 | 0 | |a Atlas |9 260843 | |
| 650 | 0 | |a Geografía |9 259346 | |
| 651 | 7 | |a CHILE |2 CL-VaPUC |9 310137 | |
| 583 | |a last modification |c 19910125 00:00:00 |k Rodrigo Vera | ||
| 999 | |c 218722 |d 218720 | ||
| 952 | |0 0 |1 0 |4 0 |6 912_000000000000000_ATL_1980 |7 0 |8 A |9 208752 |a BIBEDU |b BIBEDU |d 2019-11-15 |i 2765780 |o 912 ATL 1980 |p 2765780 |r 2023-01-13 |w 2019-11-15 |y BK |k EDU | ||